Chase Atlantic Lyrics - Uncomfortable (Lyrics) - Statistics

General Stats
  • This quiz has been taken 56 times
  • The average score is 199 of 262
Answer Stats
Answer % Correct
a
100%
A
100%
I
100%
the
100%
But
95%
but
95%
head
95%
I'm
95%
in
95%
Man
95%
out
95%
So
95%
uncomfortable
95%
Uncomfortable
95%
what
95%
you
95%
your
95%
and
89%
And
89%
can
89%
hearing
89%
her
89%
if
89%
just
89%
my
89%
My
89%
need
89%
No
89%
She
89%
that
89%
you're
89%
burnt
84%
can't
84%
cigarette
84%
do
84%
escape
84%
fall
84%
how
84%
some
84%
sound
84%
stressed
84%
to
84%
all
79%
All
79%
at
79%
broke
79%
emotions
79%
fuck's
79%
get
79%
is
79%
keep
79%
nearly
79%
neck
79%
not
79%
of
79%
rest
79%
seem
79%
shit
79%
took
79%
when
79%
will
79%
Abusing
74%
another
74%
comfortable
74%
down
74%
feel
74%
from
74%
I'll
74%
liver
74%
me
74%
take
74%
town
74%
noises
68%
pharmaceutical
68%
voices
68%
Yeah
68%
Adderall
63%
Girl
63%
heavy
63%
leave
63%
run
63%
things
63%
won't
63%
it
58%
weirder
58%
coming
53%
got
53%
thought
47%
be
42%
'cause
42%
own
42%
drowning
37%
for
37%
more
37%
now
37%
on
37%
talk
37%
come
32%
could
32%
death
32%
flood
32%
gotta
32%
messy
32%
mind
32%
No, no, no
32%
these
32%
This
32%
vessel
32%
building
26%
hold
26%
insecure
26%
it's
26%
over
26%
substance
26%
thoughts
26%
wrists
26%
going
21%
once
21%
problems
21%
shouldn't
21%
about
16%
ride
16%
thinking
16%
through
16%
Boardaline
0%
No matching quizzes found
Score Distribution
Percent of People with Each Score
Percentile by Number Answered
Your Score History
You have not taken this quiz